GEICO Car Insurance Characters and Trivia - Statistics

General Stats
  • This quiz has been taken 476 times
  • The average score is 7 of 14
Answer Stats
Hint Character % Correct
15 _______ could save you 15 percent minutes
89%
Fun loving lizard spokesman GEICO Gecko
88%
This neanderthal character launched his own sitcom GEICO Caveman
74%
And what kind of accent does he have? Cockney
68%
The narrator asks: Does Charlie Daniels play a mean ______? fiddle
64%
In one commercial, the narrator asks if Ed "Too Tall" Jones is this Too Tall
50%
This Tutti-Frutti singer narrated a GEICO commercial Little Richard
43%
One commercial features a snowball fight with this tall baseball pitcher Randy Johnson
42%
The ad with the song "Somebody's Watching Me" features a stack of this money
38%
The marriage was built to last, but the house was built too _____!!! small
31%
This former drill sergeant stars as a therapist in one GEICO commercial (name the sergeant or the movie that made him famous) R. Lee Ermey
30%
To save money, a man trains 3 ______ ____ to row a boat, producing electricity Guinea Pigs
28%
He is taking the bus home and you will NOT see him at the _______ social tomorrow pancake
19%
Famous voice actor starring in GEICO commercial Don LaFontaine
2%
No matching quizzes found
Score Distribution
Percent of People with Each Score
Percentile by Number Answered
Your Score History
You have not taken this quiz